Name a Bordering Country II Quiz Stats

Quiz Updated Nov 16, 2017

Challenge
Share
Tweet
Embed
Score 0/22 Timer 03:00
0 Plays Today
Country Bordering Country % Correct
SwedenFinland and Norway
99%
CanadaUnited States
96.4%
PalestineEgypt, Israel, and Jordan
96.2%
MonacoFrance
91.8%
Bosnia and HerzegovinaCroatia, Montenegro, and Serbia
88.6%
GeorgiaAzerbaijan, Armenia, Turkey, and Russia
87.7%
IrelandUnited Kingdom
86.7%
DenmarkGermany
84.5%
QatarSaudi Arabia
82.6%
SwazilandMozambique and South Africa
80.1%
LithuaniaBelarus, Latvia, Poland, and Russia
79%
Country Bordering Country % Correct
TurkmenistanIran, Afghanistan, Uzbekistan, and Kazakhstan
78.9%
LiechtensteinSwitzerland and Austria
76.9%
GuyanaVenezuela, Suriname, and Brazil
73.8%
IndonesiaPapua New Guinea, Malaysia, and Timor-Leste
73.7%
Dominican RepublicHaiti
73%
DjiboutiEritrea, Ethiopia, and Somalia
72.8%
BelizeMexico and Guatemala
66.5%
MauritaniaAlgeria, Mali, and Senegal
61.8%
BruneiMalaysia
61.3%
Equatorial GuineaGabon and Cameroon
57.6%
Guinea-BissauGuinea and Senegal
57.4%

You're not logged in!

Compare scores with friends on all Sporcle quizzes.
Join for Free
OR
Log In

You Might Also Like...

Show Comments

Extras

Top Quizzes Today


Score Distribution

Your Account Isn't Verified!

In order to create a playlist on Sporcle, you need to verify the email address you used during registration. Go to your Sporcle Settings to finish the process.

Report this User

Report this user for behavior that violates our Community Guidelines.

Details: